| 000 | 00651nam a2200205 a 4500 | ||
|---|---|---|---|
| 999 |
_c3042 _d3042 |
||
| 001 | 3042 | ||
| 003 | BD-JhCC | ||
| 005 | 20171109172730.0 | ||
| 008 | 171109s1371 bg |||| |||| 000 0 ben d | ||
| 035 | _a(BD-JhCC) 3042 | ||
| 040 |
_aBD-JhCC _dBD-JhCC |
||
| 041 | _aben | ||
| 082 |
_a891.442 _bSHA 1371 |
||
| 245 |
_aসম্রাট জোনস : _bইউজিন ও নীল / _cচৌধুরী, কবির |
||
| 260 |
_aঢাকা : _bবাঙলা একাডেমী, _c১৩৭১. |
||
| 300 |
_a৪৭ পৃ. : _c২১ সেমি. |
||
| 650 | _aBengali drama | ||
| 700 | _a কবির চৌধুরী | ||
| 942 |
_2ddc _cBK |
||